000 00215nam a2200085Ia 4500
245 0 _aRumour has it
100 _a MANSELL, Jill London, 2009
_981720
942 _cBK
008 210817s9999 xx 000 0 und d
999 _c292567
_d292568